[Event "Bundesliga 9697"]
[Site "Deutschland"]
[Date "1996.??.??"]
[Round "?.8"]
[White "Lau, Ralf"]
[Black "Thesing, Matthias"]
[Result "1-0"]
[WhiteElo "2510"]
[BlackElo "2440"]
[PlyCount "57"]
[EventDate "1996.10.??"]
[EventType "team"]
[EventRounds "15"]
[EventCountry "GER"]
[SourceTitle "Bundesliga 9697"]
[Source "DeepChess"]
[SourceDate "2005.01.01"]
[SourceVersion "1"]
[SourceVersionDate "2005.01.01"]
[SourceQuality "1"]
[WhiteTeam "SG 1868 Aljech. Solingen"]
[BlackTeam "PSV Turm Duisburg 1920 e.V."]
[WhiteTeamCountry "GER"]
[BlackTeamCountry "GER"]

1. e4 e6 2. d4 d5 3. Nc3 Nc6 4. Nf3 Nf6 5. Bg5 Be7 6. Bxf6 Bxf6 7. Bb5 O-O 8.
Qd2 a6 9. Bxc6 bxc6 10. O-O-O a5 11. Qe3 a4 12. h4 Bd7 13. g4 Be7 14. Ne5 Be8
15. Nd3 Ra5 16. f4 Qa8 17. g5 Bd7 18. h5 Rb8 19. g6 fxg6 20. hxg6 h6 21. Rdg1
Bf8 22. Ne5 Be8 23. Qh3 dxe4 24. Qxe6+ Kh8 25. Rxh6+ gxh6 26. g7+ Bxg7 27. Qe7
Bxe5 28. Qf8+ Kh7 29. Qg8# 1-0

[Event "Bundesliga 9697"]
[Site "Deutschland"]
[Date "1997.??.??"]
[Round "?.2"]
[White "Georgiev, Kiril"]
[Black "Keitlinghaus, Ludger"]
[Result "1-0"]
[WhiteElo "2645"]
[BlackElo "2515"]
[PlyCount "85"]
[EventDate "1996.10.??"]
[EventType "team"]
[EventRounds "15"]
[EventCountry "GER"]
[SourceTitle "Bundesliga 9697"]
[Source "DeepChess"]
[SourceDate "2005.01.01"]
[SourceVersion "1"]
[SourceVersionDate "2005.01.01"]
[SourceQuality "1"]
[WhiteTeam "SG Bochum 31"]
[BlackTeam "PSV Turm Duisburg 1920 e.V."]
[WhiteTeamCountry "GER"]
[BlackTeamCountry "GER"]

1. e4 e5 2. Nf3 Nf6 3. d4 Nxe4 4. Bd3 Nc6 5. d5 Nf6 6. dxc6 e4 7. cxb7 Bxb7 8.
Be2 exf3 9. Bxf3 Qe7+ 10. Be3 Bxf3 11. Qxf3 Qe4 12. Nd2 Qxf3 13. Nxf3 Bb4+ 14.
c3 Ba5 15. O-O-O O-O 16. Bg5 Ne4 17. Rxd7 Nxf2 18. Rf1 Bb6 19. Be7 Rfe8 20. Ne5
f6 21. Nc4 Ng4 22. h3 Ne3 23. Nxe3 Bxe3+ 24. Kc2 Rac8 25. b4 a6 26. a4 c5 27.
Rf3 Bg1 28. Rf1 cxb4 29. Rxg1 Rxc3+ 30. Kb2 a5 31. Re1 Rg3 32. Rd2 Kf7 33. Rde2
Ra3 34. Bc5 Rc8 35. Re7+ Kg6 36. Bd4 Rd3 37. Be3 Rcc3 38. Bc1 Rg3 39. R1e2 Ra3
40. Ra7 Rgb3+ 41. Kc2 Rc3+ 42. Kb1 Rxa4 43. Ree7 1-0

[Event "Bundesliga 9697"]
[Site "Deutschland"]
[Date "1997.??.??"]
[Round "?.3"]
[White "Enders, Peter"]
[Black "Nijboer, Friso"]
[Result "0-1"]
[WhiteElo "2520"]
[BlackElo "2555"]
[PlyCount "92"]
[EventDate "1996.10.??"]
[EventType "team"]
[EventRounds "15"]
[EventCountry "GER"]
[SourceTitle "Bundesliga 9697"]
[Source "DeepChess"]
[SourceDate "2005.01.01"]
[SourceVersion "1"]
[SourceVersionDate "2005.01.01"]
[SourceQuality "1"]
[WhiteTeam "PSV Turm Duisburg 1920 e.V."]
[BlackTeam "SG Bochum 31"]
[WhiteTeamCountry "GER"]
[BlackTeamCountry "GER"]

1. d4 Nf6 2. c4 g6 3. Nc3 Bg7 4. e4 d6 5. Be2 O-O 6. Nf3 e5 7. O-O Nc6 8. d5
Ne7 9. Ne1 Ne8 10. f3 f5 11. g4 Bd7 12. Ng2 c6 13. Be3 f4 14. Bf2 h5 15. g5 Bh3
16. Kh1 Kh7 17. Rg1 Nc7 18. Ne1 c5 19. Nd3 a5 20. a3 Na6 21. b4 b6 22. bxa5
bxa5 23. Rb1 Nc8 24. Rb7 Ra7 25. Rxa7 Nxa7 26. Qd2 Rf7 27. Bd1 Rb7 28. Ba4 Bf8
29. Be1 Be7 30. Nb5 Bd7 31. Qb2 Nxb5 32. Bxb5 a4 33. Nxe5 dxe5 34. Qxe5 Bxb5
35. cxb5 Bd6 36. Qe6 Re7 37. Qf6 Nc7 38. Ba5 Qd7 39. Bc3 Re8 40. b6 Rf8 41. b7
Rxf6 42. b8=Q Rf8 43. Qb2 Qh3 44. Qe2 Nb5 45. Qxb5 Qxf3+ 46. Rg2 Qxc3 0-1

[Event "Bundesliga 9697"]
[Site "Deutschland"]
[Date "1997.??.??"]
[Round "?.4"]
[White "Schmittdiel, Eckhard"]
[Black "Kraut, Rainer"]
[Result "0-1"]
[WhiteElo "2440"]
[BlackElo "2455"]
[PlyCount "44"]
[EventDate "1996.10.??"]
[EventType "team"]
[EventRounds "15"]
[EventCountry "GER"]
[SourceTitle "Bundesliga 9697"]
[Source "DeepChess"]
[SourceDate "2005.01.01"]
[SourceVersion "1"]
[SourceVersionDate "2005.01.01"]
[SourceQuality "1"]
[WhiteTeam "SG Bochum 31"]
[BlackTeam "PSV Turm Duisburg 1920 e.V."]
[WhiteTeamCountry "GER"]
[BlackTeamCountry "GER"]

1. c4 e5 2. Nc3 Nf6 3. Nf3 Nc6 4. e3 Bb4 5. Qc2 Bxc3 6. Qxc3 Qe7 7. a3 d5 8.
cxd5 Nxd5 9. Qc2 e4 10. Ng1 O-O 11. b4 Bf5 12. Bb2 Rfd8 13. Nf3 Bg6 14. Nd4 Ne5
15. Qb3 a5 16. b5 c5 17. bxc6 bxc6 18. Qa2 Rab8 19. Rc1 c5 20. Nb5 Nd3+ 21.
Bxd3 exd3 22. Qc4 Qb7 0-1

[Event "Bundesliga 9697"]
[Site "Deutschland"]
[Date "1997.??.??"]
[Round "?.5"]
[White "Thesing, Matthias"]
[Black "Bosch, Jeroen"]
[Result "0-1"]
[WhiteElo "2430"]
[BlackElo "2425"]
[PlyCount "50"]
[EventDate "1996.10.??"]
[EventType "team"]
[EventRounds "15"]
[EventCountry "GER"]
[SourceTitle "Bundesliga 9697"]
[Source "DeepChess"]
[SourceDate "2005.01.01"]
[SourceVersion "1"]
[SourceVersionDate "2005.01.01"]
[SourceQuality "1"]
[WhiteTeam "PSV Turm Duisburg 1920 e.V."]
[BlackTeam "SG Bochum 31"]
[WhiteTeamCountry "GER"]
[BlackTeamCountry "GER"]

1. e4 c5 2. Nc3 Nc6 3. Bb5 Nd4 4. a4 g6 5. Nge2 Bg7 6. O-O e6 7. Nxd4 cxd4 8.
Ne2 a6 9. Bc4 Ne7 10. c3 d5 11. exd5 exd5 12. Bb3 Nc6 13. Nf4 O-O 14. Nxd5 Be6
15. c4 d3 16. Ra3 Rc8 17. Ne3 Na5 18. Qf3 b5 19. axb5 axb5 20. Ba2 bxc4 21. Ra4
Nb3 22. Qf4 Qc7 23. Qf3 Qc6 24. Qxc6 Rxc6 25. Rb4 Ra8 0-1

[Event "Bundesliga 9697"]
[Site "Deutschland"]
[Date "1997.??.??"]
[Round "?.6"]
[White "Ankerst, Mihael"]
[Black "Pirrot, Dieter"]
[Result "0-1"]
[WhiteElo "2355"]
[BlackElo "2415"]
[PlyCount "52"]
[EventDate "1996.10.??"]
[EventType "team"]
[EventRounds "15"]
[EventCountry "GER"]
[SourceTitle "Bundesliga 9697"]
[Source "DeepChess"]
[SourceDate "2005.01.01"]
[SourceVersion "1"]
[SourceVersionDate "2005.01.01"]
[SourceQuality "1"]
[WhiteTeam "SG Bochum 31"]
[BlackTeam "PSV Turm Duisburg 1920 e.V."]
[WhiteTeamCountry "GER"]
[BlackTeamCountry "GER"]

1. e4 e5 2. Bc4 Nf6 3. d3 c6 4. Nd2 d5 5. Bb3 a5 6. a4 Be6 7. Qe2 Nbd7 8. Ngf3
Bd6 9. Ng5 O-O 10. Nxe6 fxe6 11. c3 Qe8 12. O-O Nh5 13. g3 Qg6 14. Kh1 Ndf6 15.
Bc2 Bc5 16. Nb3 Bb6 17. Be3 Bxe3 18. Qxe3 Rf7 19. Bd1 Raf8 20. Qe2 b6 21. f4
Qh6 22. Qf3 exf4 23. gxf4 Nxf4 24. Qe3 N6h5 25. Nd4 Nh3 26. Nf5 Rxf5 0-1

[Event "Bundesliga 9697"]
[Site "Deutschland"]
[Date "1997.??.??"]
[Round "?.7"]
[White "Prang, Edgar"]
[Black "Backwinkel, Paul"]
[Result "1/2-1/2"]
[WhiteElo "2330"]
[BlackElo "2400"]
[PlyCount "54"]
[EventDate "1996.10.??"]
[EventType "team"]
[EventRounds "15"]
[EventCountry "GER"]
[SourceTitle "Bundesliga 9697"]
[Source "DeepChess"]
[SourceDate "2005.01.01"]
[SourceVersion "1"]
[SourceVersionDate "2005.01.01"]
[SourceQuality "1"]
[WhiteTeam "PSV Turm Duisburg 1920 e.V."]
[BlackTeam "SG Bochum 31"]
[WhiteTeamCountry "GER"]
[BlackTeamCountry "GER"]

1. d4 Nf6 2. Nf3 d6 3. c3 Nbd7 4. Nbd2 g6 5. e4 Bg7 6. Bd3 e5 7. O-O O-O 8. Re1
c6 9. Qc2 Qc7 10. a4 a5 11. b3 Re8 12. Ba3 Bf8 13. Bb2 Nh5 14. Rad1 Nf4 15. Bf1
Nb6 16. h3 f6 17. Kh2 Be6 18. g3 Nh5 19. c4 Nd7 20. Bc3 Bh6 21. Qb2 Bf7 22. Bg2
Ng7 23. Nf1 Ne6 24. Ne3 Bxe3 25. fxe3 c5 26. Qd2 Red8 27. Rf1 b6 1/2-1/2

[Event "Bundesliga 9697"]
[Site "Deutschland"]
[Date "1997.??.??"]
[Round "?.1"]
[White "Unzicker, Wolfgang"]
[Black "Lutz, Christopher"]
[Result "1/2-1/2"]
[WhiteElo "2435"]
[BlackElo "2555"]
[PlyCount "70"]
[EventDate "1996.10.??"]
[EventType "team"]
[EventRounds "15"]
[EventCountry "GER"]
[SourceTitle "Bundesliga 9697"]
[Source "DeepChess"]
[SourceDate "2005.01.01"]
[SourceVersion "1"]
[SourceVersionDate "2005.01.01"]
[SourceQuality "1"]
[WhiteTeam "PSV Turm Duisburg 1920 e.V."]
[BlackTeam "SG Porz e.V."]
[WhiteTeamCountry "GER"]
[BlackTeamCountry "GER"]

1. e4 c5 2. Nf3 d6 3. Bb5+ Nd7 4. d4 Ngf6 5. Nc3 a6 6. Bxd7+ Nxd7 7. O-O e6 8.
Bg5 Qc7 9. dxc5 Qxc5 10. a4 h6 11. Be3 Qc7 12. a5 Be7 13. Na4 O-O 14. Nb6 Nxb6
15. Bxb6 Qc6 16. Re1 e5 17. Ra3 Be6 18. Rc3 Qb5 19. b3 Rac8 20. Rxc8 Rxc8 21.
c4 Qd7 22. Nd2 Bd8 23. Bxd8 Qxd8 24. Qa1 Rc5 25. b4 Rc8 26. Qc3 b5 27. axb6
Qxb6 28. h3 Qc6 29. Rc1 f6 30. Qe3 Qb7 31. Qa3 Qb6 32. Qc3 Kh7 33. Ra1 Qc6 34.
Rc1 Qb6 35. Ra1 Qc6 1/2-1/2

[Event "Bundesliga 9697"]
[Site "Deutschland"]
[Date "1997.??.??"]
[Round "?.3"]
[White "Kraut, Rainer"]
[Black "Christiansen, Larry Mark"]
[Result "1/2-1/2"]
[WhiteElo "2455"]
[BlackElo "2560"]
[PlyCount "99"]
[EventDate "1996.10.??"]
[EventType "team"]
[EventRounds "15"]
[EventCountry "GER"]
[SourceTitle "Bundesliga 9697"]
[Source "DeepChess"]
[SourceDate "2005.01.01"]
[SourceVersion "1"]
[SourceVersionDate "2005.01.01"]
[SourceQuality "1"]
[WhiteTeam "PSV Turm Duisburg 1920 e.V."]
[BlackTeam "SG Porz e.V."]
[WhiteTeamCountry "GER"]
[BlackTeamCountry "GER"]

1. e4 c5 2. Nf3 Nc6 3. Bb5 g6 4. O-O Bg7 5. Re1 Nf6 6. Nc3 O-O 7. e5 Ne8 8.
Bxc6 dxc6 9. h3 Nc7 10. b3 Ne6 11. Bb2 b6 12. d3 a5 13. a4 Ra7 14. Ne4 Nd4 15.
Ned2 Be6 16. Nc4 Rd7 17. Bxd4 cxd4 18. Ng5 Bxc4 19. bxc4 e6 20. f4 b5 21. cxb5
cxb5 22. axb5 Rd5 23. Ne4 Rxb5 24. Nd6 Rd5 25. Qd2 Bh6 26. Nc4 f6 27. g3 g5 28.
f5 exf5 29. Rxa5 Rxa5 30. Qxa5 Qxa5 31. Nxa5 g4 32. Nc4 fxe5 33. hxg4 e4 34.
dxe4 fxg4 35. e5 Rf3 36. Re4 Rxg3+ 37. Kh2 Rc3 38. Rxg4+ Kf7 39. Rxd4 Bg5 40.
Rg4 Rxc2+ 41. Kh3 h6 42. Nd6+ Ke6 43. Rg2 Rc1 44. Ne4 Bf4 45. Nf2 Rc3+ 46. Kg4
Kxe5 47. Nd1 h5+ 48. Kxh5 Rc1 49. Nf2 Kf5 50. Rg8 1/2-1/2

[Event "Bundesliga 9697"]
[Site "Deutschland"]
[Date "1997.??.??"]
[Round "?.5"]
[White "Pirrot, Dieter"]
[Black "Stangl, Markus"]
[Result "1-0"]
[WhiteElo "2415"]
[BlackElo "2540"]
[PlyCount "103"]
[EventDate "1996.10.??"]
[EventType "team"]
[EventRounds "15"]
[EventCountry "GER"]
[SourceTitle "Bundesliga 9697"]
[Source "DeepChess"]
[SourceDate "2005.01.01"]
[SourceVersion "1"]
[SourceVersionDate "2005.01.01"]
[SourceQuality "1"]
[WhiteTeam "PSV Turm Duisburg 1920 e.V."]
[BlackTeam "SG Porz e.V."]
[WhiteTeamCountry "GER"]
[BlackTeamCountry "GER"]

1. e4 c5 2. c3 d5 3. exd5 Qxd5 4. d4 Nf6 5. Nf3 Bg4 6. Qa4+ Bd7 7. Qb3 Qxb3 8.
axb3 e6 9. Na3 cxd4 10. Nxd4 Bc5 11. Nab5 Bxd4 12. Nc7+ Ke7 13. Nxa8 Nc6 14.
Nc7 Bb6 15. Nb5 Ng4 16. Bg5+ f6 17. Bh4 g5 18. Bg3 f5 19. Be2 h5 20. Bd6+ Kf7
21. Bxg4 hxg4 22. Rd1 Bc8 23. b4 a6 24. Na3 Kf6 25. b5 axb5 26. Nxb5 Rh7 27. b4
e5 28. Bc5 Bxc5 29. bxc5 Be6 30. O-O Na5 31. Rd6 f4 32. Re1 Re7 33. Re4 Kf5 34.
Rb4 Nc6 35. Ra4 Bb3 36. Ra8 Bc4 37. f3 gxf3 38. gxf3 Rf7 39. Na3 Bb3 40. Rh8 e4
41. Nb5 Ba4 42. Nd4+ Nxd4 43. fxe4+ Kg4 44. cxd4 Kf3 45. Ra8 Bb5 46. Rb6 Ba6
47. e5 Ke4 48. c6 f3 49. Kf2 Rh7 50. Kg3 Rh3+ 51. Kxh3 f2 52. Rb1 1-0

[Event "Bundesliga 9697"]
[Site "Deutschland"]
[Date "1997.??.??"]
[Round "?.8"]
[White "Schmidt, Ruediger"]
[Black "Groth, Klaus Ulrich"]
[Result "1/2-1/2"]
[WhiteElo "2187"]
[BlackElo "1873"]
[PlyCount "43"]
[EventDate "1996.10.??"]
[EventType "team"]
[EventRounds "15"]
[EventCountry "GER"]
[SourceTitle "Bundesliga 9697"]
[Source "DeepChess"]
[SourceDate "2005.01.01"]
[SourceVersion "1"]
[SourceVersionDate "2005.01.01"]
[SourceQuality "1"]
[WhiteTeam "SG Porz e.V."]
[BlackTeam "PSV Turm Duisburg 1920 e.V."]
[WhiteTeamCountry "GER"]
[BlackTeamCountry "GER"]

1. d4 g6 2. c4 Bg7 3. Nc3 d6 4. e4 Nc6 5. Be3 e5 6. Nge2 exd4 7. Nxd4 Nge7 8.
Qd2 O-O 9. Nxc6 Nxc6 10. Bh6 Be6 11. Bxg7 Kxg7 12. Be2 Qf6 13. Nd5 Bxd5 14.
cxd5 Nd4 15. Rd1 Nxe2 16. Qxe2 Qe5 17. O-O f5 18. Qc4 fxe4 19. Rde1 Rf7 20. b3
Re8 21. Re2 Qf5 22. f3 1/2-1/2

[Event "Bundesliga 9697"]
[Site "Deutschland"]
[Date "1997.??.??"]
[Round "?.1"]
[White "Schlosser, Philipp"]
[Black "Sax, Gyula"]
[Result "1/2-1/2"]
[WhiteElo "2560"]
[BlackElo "2545"]
[PlyCount "24"]
[EventDate "1996.10.??"]
[EventType "team"]
[EventRounds "15"]
[EventCountry "GER"]
[SourceTitle "Bundesliga 9697"]
[Source "DeepChess"]
[SourceDate "2005.01.01"]
[SourceVersion "1"]
[SourceVersionDate "2005.01.01"]
[SourceQuality "1"]
[WhiteTeam "SK Passau 1869"]
[BlackTeam "PSV Turm Duisburg 1920 e.V."]
[WhiteTeamCountry "GER"]
[BlackTeamCountry "GER"]

1. d4 Nf6 2. Nf3 e6 3. g3 c5 4. Bg2 Qb6 5. O-O Nc6 6. dxc5 Bxc5 7. c4 Qa6 8. b3
d5 9. Nbd2 O-O 10. Bb2 Be7 11. a3 dxc4 12. Nxc4 b5 1/2-1/2

[Event "Bundesliga 9697"]
[Site "Deutschland"]
[Date "1997.??.??"]
[Round "?.2"]
[White "Keitlinghaus, Ludger"]
[Black "Smejkal, Jan"]
[Result "1/2-1/2"]
[WhiteElo "2515"]
[BlackElo "2505"]
[PlyCount "53"]
[EventDate "1996.10.??"]
[EventType "team"]
[EventRounds "15"]
[EventCountry "GER"]
[SourceTitle "Bundesliga 9697"]
[Source "DeepChess"]
[SourceDate "2005.01.01"]
[SourceVersion "1"]
[SourceVersionDate "2005.01.01"]
[SourceQuality "1"]
[WhiteTeam "PSV Turm Duisburg 1920 e.V."]
[BlackTeam "SK Passau 1869"]
[WhiteTeamCountry "GER"]
[BlackTeamCountry "GER"]

1. e4 e5 2. Nf3 Nc6 3. Nc3 Nf6 4. Bb5 Nd4 5. Bc4 Nxf3+ 6. Qxf3 d6 7. O-O Be7 8.
Qe2 O-O 9. d3 Be6 10. Bb3 Nd7 11. Be3 Bf6 12. Qd2 h6 13. Nd5 Bxd5 14. Bxd5 c6
15. Bb3 Bg5 16. c3 Nc5 17. Bc2 Ne6 18. g3 Bxe3 19. Qxe3 Qg5 20. Qxg5 hxg5 21.
Rfe1 Rfd8 22. Kg2 Kf8 23. Rad1 Rac8 24. Rd2 Ke7 25. Bd1 Nf8 26. Bb3 Nh7 27. Rh1
1/2-1/2

[Event "Bundesliga 9697"]
[Site "Deutschland"]
[Date "1997.??.??"]
[Round "?.3"]
[White "Wells, Peter K"]
[Black "Enders, Peter"]
[Result "1/2-1/2"]
[WhiteElo "2495"]
[BlackElo "2520"]
[PlyCount "84"]
[EventDate "1996.10.??"]
[EventType "team"]
[EventRounds "15"]
[EventCountry "GER"]
[SourceTitle "Bundesliga 9697"]
[Source "DeepChess"]
[SourceDate "2005.01.01"]
[SourceVersion "1"]
[SourceVersionDate "2005.01.01"]
[SourceQuality "1"]
[WhiteTeam "SK Passau 1869"]
[BlackTeam "PSV Turm Duisburg 1920 e.V."]
[WhiteTeamCountry "GER"]
[BlackTeamCountry "GER"]

1. Nf3 Nf6 2. c4 g6 3. Nc3 Bg7 4. d4 O-O 5. e4 d6 6. Be2 e5 7. O-O Nc6 8. d5
Ne7 9. Ne1 Ne8 10. f4 exf4 11. Bxf4 f5 12. Qd2 Bd7 13. Nf3 fxe4 14. Nxe4 Bxb2
15. Qxb2 Rxf4 16. Nfg5 Rxf1+ 17. Rxf1 Nf5 18. g4 Nfg7 19. Nf7 Qh4 20. Qd2 Nf5
21. Neg5 h6 22. gxf5 hxg5 23. fxg6 Ng7 24. Qxg5 Qxg5+ 25. Nxg5 Bf5 26. Ne6 Bxe6
27. dxe6 Nxe6 28. Rf7 Rf8 29. Bg4 Nc5 30. Rxc7 Rf6 31. g7 Rg6 32. h3 Rxg7 33.
Rxg7+ Kxg7 34. Kf2 a6 35. Ke3 b5 36. cxb5 axb5 37. Kd4 Kf6 38. Be2 Ne6+ 39. Kc3
Nf4 40. Bf1 Nd5+ 41. Kb3 b4 42. Bc4 Nc3 1/2-1/2

[Event "Bundesliga 9697"]
[Site "Deutschland"]
[Date "1997.??.??"]
[Round "?.4"]
[White "Kraut, Rainer"]
[Black "Pichler, Juergen"]
[Result "1/2-1/2"]
[WhiteElo "2455"]
[BlackElo "2400"]
[PlyCount "45"]
[EventDate "1996.10.??"]
[EventType "team"]
[EventRounds "15"]
[EventCountry "GER"]
[SourceTitle "Bundesliga 9697"]
[Source "DeepChess"]
[SourceDate "2005.01.01"]
[SourceVersion "1"]
[SourceVersionDate "2005.01.01"]
[SourceQuality "1"]
[WhiteTeam "PSV Turm Duisburg 1920 e.V."]
[BlackTeam "SK Passau 1869"]
[WhiteTeamCountry "GER"]
[BlackTeamCountry "GER"]

1. e4 c6 2. d4 d5 3. exd5 cxd5 4. c4 Nf6 5. Nc3 Nc6 6. Nf3 Bg4 7. cxd5 Nxd5 8.
Qb3 Bxf3 9. gxf3 Nb6 10. Be3 e6 11. Rg1 g6 12. O-O-O Be7 13. d5 exd5 14. Nxd5
Nxd5 15. Rxd5 Qc7 16. Kb1 O-O 17. f4 Rad8 18. Bg2 Bf6 19. Rgd1 Rxd5 20. Rxd5
Kg7 21. a3 a6 22. Bh3 Nb8 23. Qd3 1/2-1/2

[Event "Bundesliga 9697"]
[Site "Deutschland"]
[Date "1997.??.??"]
[Round "?.6"]
[White "Pirrot, Dieter"]
[Black "Gross, David2"]
[Result "1/2-1/2"]
[WhiteElo "2415"]
[BlackElo "2335"]
[PlyCount "73"]
[EventDate "1996.10.??"]
[EventType "team"]
[EventRounds "15"]
[EventCountry "GER"]
[SourceTitle "Bundesliga 9697"]
[Source "DeepChess"]
[SourceDate "2005.01.01"]
[SourceVersion "1"]
[SourceVersionDate "2005.01.01"]
[SourceQuality "1"]
[WhiteTeam "PSV Turm Duisburg 1920 e.V."]
[BlackTeam "SK Passau 1869"]
[WhiteTeamCountry "GER"]
[BlackTeamCountry "GER"]

1. e4 c5 2. c3 d5 3. exd5 Qxd5 4. d4 Nf6 5. Nf3 Bg4 6. Qa4+ Bd7 7. Qb3 cxd4 8.
Bc4 Qe4+ 9. Kf1 e6 10. cxd4 Nc6 11. Nc3 Qf5 12. Qxb7 Rb8 13. Qc7 Rc8 14. Qf4
Qxf4 15. Bxf4 Nxd4 16. Ne5 Bd6 17. Rd1 Bxe5 18. Bxe5 Rxc4 19. Bxd4 Rc7 20. Ke2
O-O 21. Bxf6 gxf6 22. Rd2 Kg7 23. Rhd1 Bc6 24. Rd4 f5 25. g3 Rb8 26. R1d2 a5
27. Ke3 Rb4 28. a3 Rb6 29. Rc4 Rcb7 30. Rd6 Be8 31. Rxb6 Rxb6 32. b4 axb4 33.
axb4 Kf6 34. Rh4 Ke5 35. Rd4 Kf6 36. Rh4 Ke5 37. Rd4 1/2-1/2

[Event "Bundesliga 9697"]
[Site "Deutschland"]
[Date "1997.??.??"]
[Round "?.7"]
[White "Baumhus, Reinhard"]
[Black "Prang, Edgar"]
[Result "1/2-1/2"]
[WhiteElo "2355"]
[BlackElo "2330"]
[PlyCount "43"]
[EventDate "1996.10.??"]
[EventType "team"]
[EventRounds "15"]
[EventCountry "GER"]
[SourceTitle "Bundesliga 9697"]
[Source "DeepChess"]
[SourceDate "2005.01.01"]
[SourceVersion "1"]
[SourceVersionDate "2005.01.01"]
[SourceQuality "1"]
[WhiteTeam "SK Passau 1869"]
[BlackTeam "PSV Turm Duisburg 1920 e.V."]
[WhiteTeamCountry "GER"]
[BlackTeamCountry "GER"]

1. e4 e6 2. Nf3 d5 3. e5 c5 4. d4 cxd4 5. Bd3 Ne7 6. Bf4 Nec6 7. O-O Nd7 8. a3
Nc5 9. b4 Nxd3 10. Qxd3 a6 11. Nbd2 Be7 12. Nxd4 Nxd4 13. Qxd4 O-O 14. Rfe1 Bd7
15. c4 dxc4 16. Nxc4 Bc6 17. Nd6 Qd7 18. Rad1 Bd5 19. Re3 Bxd6 20. exd6 Rac8
21. Rg3 f6 22. Qd3 1/2-1/2

[Event "Bundesliga 9697"]
[Site "Deutschland"]
[Date "1997.??.??"]
[Round "?.2"]
[White "Keitlinghaus, Ludger"]
[Black "Hoffmann, Michael"]
[Result "1/2-1/2"]
[WhiteElo "2515"]
[BlackElo "2440"]
[PlyCount "45"]
[EventDate "1996.10.??"]
[EventType "team"]
[EventRounds "15"]
[EventCountry "GER"]
[SourceTitle "Bundesliga 9697"]
[Source "DeepChess"]
[SourceDate "2005.01.01"]
[SourceVersion "1"]
[SourceVersionDate "2005.01.01"]
[SourceQuality "1"]
[WhiteTeam "PSV Turm Duisburg 1920 e.V."]
[BlackTeam "SV Castrop Rauxel 1923"]
[WhiteTeamCountry "GER"]
[BlackTeamCountry "GER"]

1. e4 c5 2. c3 Nf6 3. e5 Nd5 4. d4 cxd4 5. Qxd4 e6 6. Nf3 Nc6 7. Qe4 d6 8. Bb5
Bd7 9. c4 Nb6 10. exd6 a6 11. Bg5 Qb8 12. Bxc6 Bxc6 13. Qd4 Nd7 14. Nbd2 Qxd6
15. O-O f6 16. Be3 e5 17. Qg4 Ke7 18. Nh4 Qe6 19. Qh5 Qf7 20. Qe2 Qe6 21. Qh5
Qf7 22. Qe2 Qe6 23. Qh5 1/2-1/2

[Event "Bundesliga 9697"]
[Site "Deutschland"]
[Date "1997.??.??"]
[Round "?.3"]
[White "Watson, William N"]
[Black "Enders, Peter"]
[Result "1-0"]
[WhiteElo "2535"]
[BlackElo "2520"]
[PlyCount "49"]
[EventDate "1996.10.??"]
[EventType "team"]
[EventRounds "15"]
[EventCountry "GER"]
[SourceTitle "Bundesliga 9697"]
[Source "DeepChess"]
[SourceDate "2005.01.01"]
[SourceVersion "1"]
[SourceVersionDate "2005.01.01"]
[SourceQuality "1"]
[WhiteTeam "SV Castrop Rauxel 1923"]
[BlackTeam "PSV Turm Duisburg 1920 e.V."]
[WhiteTeamCountry "GER"]
[BlackTeamCountry "GER"]

1. e4 c5 2. Nf3 d6 3. d4 cxd4 4. Nxd4 Nf6 5. Nc3 Nc6 6. g3 Bg4 7. f3 Bd7 8. Be3
Nxd4 9. Qxd4 g6 10. Qd2 Bg7 11. O-O-O O-O 12. Kb1 b5 13. Bxb5 Bxb5 14. Nxb5 Qb8
15. Nc3 Rc8 16. Bd4 Rc4 17. Qe2 Rb4 18. b3 e6 19. Qa6 Qc7 20. Nb5 Qc4 21. a4
Rd8 22. Rd3 Ne8 23. Bxg7 Kxg7 24. Rc3 Nc7 25. Qa5 1-0

[Event "Bundesliga 9697"]
[Site "Deutschland"]
[Date "1997.??.??"]
[Round "?.4"]
[White "Kraut, Rainer"]
[Black "Appel, Ralf"]
[Result "1/2-1/2"]
[WhiteElo "2455"]
[BlackElo "2495"]
[PlyCount "50"]
[EventDate "1996.10.??"]
[EventType "team"]
[EventRounds "15"]
[EventCountry "GER"]
[SourceTitle "Bundesliga 9697"]
[Source "DeepChess"]
[SourceDate "2005.01.01"]
[SourceVersion "1"]
[SourceVersionDate "2005.01.01"]
[SourceQuality "1"]
[WhiteTeam "PSV Turm Duisburg 1920 e.V."]
[BlackTeam "SV Castrop Rauxel 1923"]
[WhiteTeamCountry "GER"]
[BlackTeamCountry "GER"]

1. e4 Nf6 2. Nc3 d5 3. e5 Nfd7 4. f4 e6 5. Nf3 c5 6. d4 Nc6 7. Be3 Qb6 8. Na4
Qa5+ 9. c3 c4 10. b4 Qc7 11. Be2 Ne7 12. O-O h5 13. Qe1 a5 14. b5 Nf5 15. Bf2
Ba3 16. Bd1 b6 17. Nh4 Nf8 18. Bc2 Bd7 19. Rb1 O-O-O 20. Qd1 Kb8 21. Qf3 Bc8
22. Qh3 Nh6 23. Qf3 Nf5 24. Qh3 Nh6 25. Qf3 Nf5 1/2-1/2

[Event "Bundesliga 9697"]
[Site "Deutschland"]
[Date "1997.??.??"]
[Round "?.5"]
[White "Libeau, Rene"]
[Black "Thesing, Matthias"]
[Result "0-1"]
[WhiteElo "2450"]
[BlackElo "2430"]
[PlyCount "36"]
[EventDate "1996.10.??"]
[EventType "team"]
[EventRounds "15"]
[EventCountry "GER"]
[SourceTitle "Bundesliga 9697"]
[Source "DeepChess"]
[SourceDate "2005.01.01"]
[SourceVersion "1"]
[SourceVersionDate "2005.01.01"]
[SourceQuality "1"]
[WhiteTeam "SV Castrop Rauxel 1923"]
[BlackTeam "PSV Turm Duisburg 1920 e.V."]
[WhiteTeamCountry "GER"]
[BlackTeamCountry "GER"]

1. Nf3 d5 2. c4 e6 3. d4 Nf6 4. Bg5 c6 5. e3 Qa5+ 6. Nbd2 Ne4 7. Bf4 Nd7 8. a3
Nxd2 9. Nxd2 Be7 10. cxd5 exd5 11. Bd3 Qd8 12. Qc2 h6 13. O-O a5 14. Qc3 a4 15.
b4 axb3 16. a4 c5 17. Nxb3 c4 18. Bb1 cxb3 0-1